Battery technology handbook / (Record no. 60734)

000 -LEADER
fixed length control field 01202cam a2200313 a 4500
001 - CONTROL NUMBER
control field 13404281
003 - CONTROL NUMBER IDENTIFIER
control field NUST-PNEC
005 - DATE AND TIME OF LATEST TRANSACTION
control field 20170116180706.0
008 - FIXED-LENGTH DATA ELEMENTS--GENERAL INFORMATION
fixed length control field 031114s2003 nyua bf 001 0 eng
010 ## - LIBRARY OF CONGRESS CONTROL NUMBER
LC control number 2003283395
020 ## - INTERNATIONAL STANDARD BOOK NUMBER
International Standard Book Number 0824742494 (alk. paper)
040 ## - CATALOGING SOURCE
Original cataloging agency DLC
Transcribing agency PNEC
050 00 - LIBRARY OF CONGRESS CALL NUMBER
Classification number TK2901
Item number .B393 2003
082 00 - DEWEY DECIMAL CLASSIFICATION NUMBER
Classification number 621.31'242 KIE
Edition number 22
100 ## - MAIN ENTRY--PERSONAL NAME
9 (RLIN) 351
Personal name Kiehne, H. A.
245 00 - TITLE STATEMENT
Title Battery technology handbook /
Statement of responsibility, etc. edited by H.A. Kiehne.
250 ## - EDITION STATEMENT
Edition statement 2nd ed.
260 ## - PUBLICATION, DISTRIBUTION, ETC.
Place of publication, distribution, etc. New York :
Name of publisher, distributor, etc. Marcel Dekker,
Date of publication, distribution, etc. c2003.
300 ## - PHYSICAL DESCRIPTION
Extent xx, 515 p. :
Other physical details ill. ;
Dimensions 27 cm.
440 #0 - SERIES STATEMENT/ADDED ENTRY--TITLE
Title Electrical engineering and electronics ;
Volume/sequential designation 60
500 ## - GENERAL NOTE
General note Includes Index http://www.amazon.com/s/ref=nb_sb_noss?url=search-alias%3Dstripbooks&field-keywords=0824742494
504 ## - BIBLIOGRAPHY, ETC. NOTE
Bibliography, etc. note Includes bibliographical references and index.
650 #0 - SUBJECT ADDED ENTRY--TOPICAL TERM
Topical term or geographic name entry element Electric batteries
Form subdivision Handbooks, manuals, etc.
General subdivision EE, EL
700 1# - ADDED ENTRY--PERSONAL NAME
Personal name Kiehne, H. A.
Fuller form of name (Heinz Albert)
856 42 - ELECTRONIC LOCATION AND ACCESS
Materials specified Publisher description
Uniform Resource Identifier <a href="http://www.loc.gov/catdir/enhancements/fy0647/2003283395-d.html">http://www.loc.gov/catdir/enhancements/fy0647/2003283395-d.html</a>
906 ## - LOCAL DATA ELEMENT F, LDF (RLIN)
a 7
b cbc
c origcop
d 2
e ncip
f 20
g y-gencatlg
942 ## - ADDED ENTRY ELEMENTS (KOHA)
Source of classification or shelving scheme
Koha item type Book
Holdings
Withdrawn status Lost status Source of classification or shelving scheme Damaged status Not for loan Permanent Location Current Location Shelving location Date acquired Source of acquisition Cost, normal purchase price Total Checkouts Full call number Barcode Date last seen Cost, replacement price Price effective from Koha item type
          Pakistan Navy Engineering College (PNEC) Pakistan Navy Engineering College (PNEC) Reference 09/19/2005 Pak Book Corporation 12274.50   621.31'242 KIE PNECLIB-027361 09/24/2014 12274.50 09/19/2005 Book
© 2023 Central Library, National University of Sciences and Technology. All Rights Reserved.